00808nam a2200169 a 4500008004100000050001900041110006100060245019400121260007600315300001900391362002300410500001700433650005800450650005600508650003300564650004100597131010s2007 ||||||||||||||||| || u aGOV.ZAM.H4(02) aGovernment of the Republic of Zambia. Ministry of Health10aNational scale-up plan for prevention of mother-to-child transmission of HIV and paediatric HIV care services, 2007 - 2010cby Government of the Republic of Zambia, Ministry of Health [MOH] aLusaka:bGovernment of the Republic of Zambia, Ministry of Healthc2007 avi, 45p.: ill.1 a

2007 - 2010

 aBibliography aHIV/AIDS--MOTHER-TO-CHILD TRANSMISSION--PREVENTION OF aHIV/AIDS--TREATMENT--ANTIRETROVIRAL THERAPY--ZAMBIA aPAEDIATRIC HIV CARE SERVICES aHIV/AIDS PREVENTION AND CARE--ZAMBIA